[Event "ICS rated standard match"]
[Site "204.178.125.65"]
[Date "2000.08.20"]
[Round "?"]
[White "Hossa"]
[Black "BrazilianMaster"]
[Result "0-1"]
[WhiteElo "2364"]
[BlackElo "2606"]
[PlyCount "64"]
[EventDate "2000.??.??"]

1. e4 e5 2. Nf3 Nc6 3. c3 Nf6 4. d4 exd4 5. e5 Ne4 6. Qe2 f5 7. exf6 d5 8. Nxd4
Nxd4 9. cxd4 Kf7 10. fxg7 Bb4+ 11. Kd1 Re8 12. Bh6 Qh4 13. Be3 Kxg7 14. g4 Rf8
15. f3 Ng3 16. hxg3 Qxh1 17. f4 Re8 18. Nd2 c5 19. f5 Bd7 20. Qd3 c4 21. Qe2
Ba4+ 22. Kc1 Rac8 23. f6+ Kf7 24. g5 c3 25. g6+ hxg6 26. Nf3 Rxe3 27. Qxe3
Qxf1+ 28. Qe1 Qxf3 29. b3 Qd3 30. a3 Bxb3 31. Qe2 Qxe2 32. axb4 Qc2# 0-1

[Event "ICS rated standard match"]
[Site "204.178.125.65"]
[Date "2000.08.20"]
[Round "?"]
[White "BarryNelson"]
[Black "Hossa"]
[Result "1-0"]
[WhiteElo "2147"]
[BlackElo "2358"]
[PlyCount "67"]
[EventDate "2000.??.??"]

1. e4 e5 2. Nf3 Nc6 3. Nc3 Nf6 4. Bb5 Bb4 5. O-O O-O 6. Bxc6 dxc6 7. d3 Qd6 8.
Qe2 Bg4 9. h3 Bh5 10. Nd1 Nd7 11. Ne3 Qf6 12. g4 Bg6 13. Kh2 Rfc8 14. Nf5 Qe6
15. Rg1 f6 16. Rg2 Qe8 17. Be3 Rd8 18. Rag1 a6 19. N3h4 Kf8 20. g5 Bxf5 21.
Nxf5 g6 22. gxf6 Qe6 23. Nh4 Qxa2 24. b3 Nxf6 25. Qf3 Kf7 26. Nxg6 hxg6 27.
Rxg6 Be7 28. Rg7+ Ke8 29. Qf5 Rd6 30. Rg8+ Bf8 31. R1g7 Qa1 32. Qg6+ Kd8 33.
Rxf8+ Ne8 34. Qxe8# 1-0

[Event "ICS rated standard match"]
[Site "204.178.125.65"]
[Date "2000.08.20"]
[Round "?"]
[White "IZZYLISTED"]
[Black "Hossa"]
[Result "1/2-1/2"]
[WhiteElo "2178"]
[BlackElo "2333"]
[PlyCount "218"]
[EventDate "2000.??.??"]

1. e4 c5 2. Nf3 g6 3. d4 Bg7 4. dxc5 Nf6 5. Bd3 Na6 6. O-O Nxc5 7. Re1 Nxd3 8.
Qxd3 O-O 9. c4 d6 10. Nc3 Nd7 11. Bf4 Re8 12. Rad1 Nc5 13. Qc2 Bg4 14. e5 Ne6
15. Bg3 Bxf3 16. gxf3 Ng5 17. Qe2 Qc8 18. exd6 exd6 19. Qxe8+ Qxe8 20. Rxe8+
Rxe8 21. Rxd6 Bxc3 22. bxc3 Re2 23. Rd7 Rxa2 24. Rxb7 Nxf3+ 25. Kg2 Ne1+ 26.
Kf1 Nd3 27. Rd7 Nc5 28. Rd5 Ne4 29. c5 Rc2 30. c6 Nxg3+ 31. hxg3 Rxc3 32. Ra5
Rxc6 33. Rxa7 Kg7 34. Rb7 g5 35. Kg2 g4 36. Rb4 f5 37. Ra4 Kg6 38. Rf4 Rc1 39.
Ra4 h5 40. Ra6+ Kg7 41. Ra5 Kf6 42. Ra6+ Kg5 43. Ra5 Rd1 44. Rb5 Ra1 45. Rc5
Re1 46. Rb5 Re4 47. Ra5 Re6 48. Ra8 Re2 49. Ra5 Kf6 50. Ra6+ Kg7 51. Ra7+ Kh6
52. Ra6+ Kh7 53. Ra7+ Kg6 54. Ra6+ Kf7 55. Ra7+ Ke6 56. Ra6+ Kd5 57. Rh6 Re1
58. Rxh5 Ke4 59. Rh8 Rb1 60. Re8+ Kd4 61. Rd8+ Ke5 62. Re8+ Kf6 63. Rf8+ Kg6
64. Rg8+ Kf7 65. Ra8 Rd1 66. Ra7+ Ke6 67. Ra6+ Ke7 68. Ra7+ Kf6 69. Ra6+ Ke5
70. Ra5+ Rd5 71. Ra8 Rd2 72. Re8+ Kf6 73. Rf8+ Kg6 74. Rg8+ Kf7 75. Ra8 Rc2 76.
Ra7+ Ke6 77. Ra6+ Kd5 78. Ra5+ Rc5 79. Ra8 Rc1 80. Rd8+ Ke6 81. Re8+ Kf7 82.
Ra8 Re1 83. Ra7+ Ke6 84. Ra6+ Ke7 85. Ra7+ Kf6 86. Ra6+ Kg7 87. Ra8 Re6 88.
Ra7+ Kf6 89. Ra8 Rb6 90. Rf8+ Ke6 91. Re8+ Kf7 92. Re3 Rb1 93. Ra3 Ke6 94. Ra6+
Kd5 95. Ra5+ Ke4 96. Ra4+ Ke5 97. Rf4 Ra1 98. Rb4 Kf6 99. Rb5 Rc1 100. Rb2 Rc6
101. Rb8 Rc2 102. Rf8+ Ke6 103. Ra8 Rb2 104. Ra7 Rb6 105. Ra8 Rb1 106. Rh8 Rb2
107. Rh6+ Ke5 108. Rh8 Rb1 109. Re8+ Kd5 1/2-1/2

[Event "ICS rated standard match"]
[Site "204.178.125.65"]
[Date "2000.08.20"]
[Round "?"]
[White "Hossa"]
[Black "FishPuppy"]
[Result "1-0"]
[WhiteElo "2326"]
[BlackElo "2200"]
[PlyCount "21"]
[EventDate "2000.??.??"]

1. e4 c5 2. Nf3 e6 3. Nc3 Nc6 4. Bb5 Nge7 5. O-O a6 6. Bxc6 Nxc6 7. d4 cxd4 8.
Nxd4 Bc5 9. Be3 Qc7 10. Ndb5 axb5 11. Bxc5 {FishPuppy resigns} 1-0

[Event "ICS rated standard match"]
[Site "204.178.125.65"]
[Date "2000.08.20"]
[Round "?"]
[White "Hossa"]
[Black "IZZYLISTED"]
[Result "1-0"]
[WhiteElo "2330"]
[BlackElo "2177"]
[PlyCount "66"]
[EventDate "2000.??.??"]

1. d4 d6 2. Nf3 g6 3. c4 Bg7 4. e4 Nf6 5. Nc3 O-O 6. Be2 e5 7. dxe5 dxe5 8.
Qxd8 Rxd8 9. Bg5 Re8 10. O-O c6 11. Rad1 Na6 12. Rd6 Nh5 13. Be3 Be6 14. Ng5
Nf4 15. Nxe6 Nxe6 16. Rd2 Rad8 17. Rxd8 Rxd8 18. Bxa7 Rd2 19. Rb1 Nd4 20. Bg4
f5 21. exf5 gxf5 22. Bh5 Nb4 23. g3 Nd3 24. Rd1 Bh6 25. f4 Rxd1+ 26. Nxd1 Ne6
27. fxe5 Nxe5 28. b3 Kf8 29. Ne3 f4 30. Nf5 Bg5 31. Nd6 f3 32. Kf2 c5 33. Nxb7
Nd4 {IZZYLISTED resigns} 1-0

[Event "ICS rated standard match"]
[Site "204.178.125.65"]
[Date "2000.08.20"]
[Round "?"]
[White "Hossa"]
[Black "Lodi"]
[Result "1-0"]
[WhiteElo "2339"]
[BlackElo "2047"]
[PlyCount "73"]
[EventDate "2000.??.??"]

1. e4 e6 2. d4 d5 3. Nc3 Bb4 4. e5 c5 5. Nf3 cxd4 6. Nxd4 Nc6 7. Nxc6 bxc6 8.
Qg4 Bf8 9. Bd3 Ne7 10. O-O Ng6 11. Qh5 Qh4 12. Qxh4 Nxh4 13. Be3 a5 14. Na4 Ba6
15. f4 Bxd3 16. cxd3 Nf5 17. Bb6 h5 18. Rac1 Kd7 19. Rc2 Be7 20. Rfc1 Rhc8 21.
Bxa5 Rxa5 22. Nb6+ Kd8 23. Nxc8 Kxc8 24. Rxc6+ Kd7 25. Rc7+ Ke8 26. a3 Nd4 27.
Kf1 Bd8 28. Rb7 Ra6 29. Rc8 Rc6 30. Rxc6 Nxc6 31. b4 Nd4 32. a4 Be7 33. a5 Kd8
34. a6 Nc6 35. b5 Na5 36. Rb8+ Kc7 37. a7 {Lodi resigns} 1-0

[Event "ICS rated standard match"]
[Site "204.178.125.65"]
[Date "2000.08.20"]
[Round "?"]
[White "denver"]
[Black "Hossa"]
[Result "0-1"]
[WhiteElo "2122"]
[BlackElo "2339"]
[PlyCount "85"]
[EventDate "2000.??.??"]

1. d4 d5 2. e3 Nf6 3. Bd3 c5 4. c3 Nbd7 5. f4 b6 6. Nf3 Bb7 7. O-O e6 8. Ne5
Bd6 9. Nd2 O-O 10. Ndf3 Ne4 11. Bxe4 dxe4 12. Nxd7 Qxd7 13. Ne5 Qe7 14. b3 cxd4
15. exd4 b5 16. Bb2 f6 17. Ng4 Rfe8 18. Ne3 f5 19. Qe2 a6 20. g3 Bc6 21. c4 Qf7
22. c5 Bc7 23. b4 a5 24. a3 a4 25. Rad1 Rad8 26. Rd2 Re7 27. Rfd1 Red7 28. Bc3
Qg6 29. Qf2 Bb8 30. Kh1 Qh5 31. Kg2 Ba7 32. Qe2 Qg6 33. Qf2 Qh6 34. Kh1 Bb8 35.
Kg2 Kh8 36. h4 Qh5 37. Re1 Kg8 38. Qe2 Qg6 39. Rh1 Bxf4 40. Qf2 Bxe3 41. Qxe3
f4 42. Qxf4 e3+ 43. Kh3 {denver resigns} 0-1

[Event "ICS rated blitz match"]
[Site "204.178.125.65"]
[Date "2000.08.20"]
[Round "?"]
[White "Hossa"]
[Black "IseeYou"]
[Result "0-1"]
[WhiteElo "2416"]
[BlackElo "2458"]
[PlyCount "68"]
[EventDate "2000.??.??"]

1. e4 e6 2. d4 d5 3. Nc3 Bb4 4. e5 Ne7 5. Nge2 O-O 6. a3 Ba5 7. b4 Bb6 8. Na4
Bd7 9. Nxb6 axb6 10. Nc3 c5 11. b5 Nf5 12. dxc5 bxc5 13. a4 f6 14. Nxd5 exd5
15. Qxd5+ Kh8 16. Qxb7 Nd4 17. Ra2 Be6 18. c4 Nd7 19. f4 fxe5 20. Bd3 e4 21.
Bxe4 Rb8 22. Qa7 Bxc4 23. Ra3 Nf6 24. Rg3 Rg8 25. Bb1 Qe8+ 26. Re3 Qh5 27. Ba3
Rge8 28. Kd2 Rbd8 29. Rxe8+ Qxe8 30. Kc3 Bxb5 31. Bxc5 Qe3+ 32. Kb2 Qb3+ 33.
Ka1 Qc3+ 34. Ka2 Bc4# {Hossa checkmated} 0-1

[Event "ICS Rated standard match"]
[Site "204.178.125.65"]
[Date "2000.08.20"]
[Round "?"]
[White "Cole-Hann"]
[Black "Hossa"]
[Result "0-1"]
[WhiteElo "1943"]
[BlackElo "2344"]
[PlyCount "74"]
[EventDate "2000.??.??"]

1. e4 Nf6 2. e5 Nd5 3. d4 d6 4. c4 Nb6 5. exd6 exd6 6. Nf3 Be7 7. Be2 O-O 8.
O-O Re8 9. Nc3 Be6 10. b3 d5 11. c5 N6d7 12. b4 Bf6 13. Be3 a5 14. Qb3 axb4 15.
Nxd5 Nc6 16. Nxf6+ Nxf6 17. Qb1 Ra3 18. Re1 Qa8 19. Bd3 Bxa2 20. Qb2 Rxd3 21.
Rxa2 Ra3 22. Rea1 Rxa2 23. Rxa2 Qd8 24. Ra1 Nd5 25. Qb3 Nc3 26. Qc2 f6 27. Qb3+
Qd5 28. Qc2 Qc4 29. Rc1 Ra8 30. Kh1 b3 31. Qxc3 Qxc3 32. Rxc3 Ra1+ 33. Ng1 b2
34. Rb3 b1=R 35. Rxb1 Rxb1 36. g3 Rd1 37. Kg2 Nxd4 {Cole-Hann resigns} 0-1

[Event "ICS rated standard match"]
[Site "204.178.125.65"]
[Date "2000.08.20"]
[Round "?"]
[White "Hossa"]
[Black "superbeast"]
[Result "1/2-1/2"]
[WhiteElo "2347"]
[BlackElo "1979"]
[PlyCount "63"]
[EventDate "2000.??.??"]

1. e4 c5 2. Nf3 d6 3. Bb5+ Bd7 4. Bxd7+ Qxd7 5. c4 Nc6 6. Nc3 g6 7. d4 Bg7 8.
d5 Bxc3+ 9. bxc3 Na5 10. Qd3 f6 11. O-O b6 12. Be3 Qa4 13. Nd2 O-O-O 14. Rfe1
g5 15. f3 h5 16. Red1 Nh6 17. Rf1 Rdg8 18. Qe2 h4 19. Rf2 Rh7 20. Qd3 Rhg7 21.
Qb1 Nxc4 22. Nxc4 Qxc4 23. Qb3 Qa6 24. c4 Nf7 25. h3 Ne5 26. Rc1 Kc7 27. a4 Qa5
28. Bd2 Qa6 29. Be3 Qa5 30. Bd2 Qa6 31. Be3 Qa5 32. Bd2 1/2-1/2

[Event "ICS rated standard match"]
[Site "204.178.125.65"]
[Date "2000.08.20"]
[Round "?"]
[White "kajjohan"]
[Black "Hossa"]
[Result "0-1"]
[WhiteElo "1986"]
[BlackElo "2334"]
[PlyCount "56"]
[EventDate "2000.??.??"]

1. e4 c5 2. Nf3 d6 3. d4 cxd4 4. Nxd4 Nf6 5. Nc3 a6 6. Bg5 Nbd7 7. Bc4 b5 8.
Bd3 h6 9. Bh4 Bb7 10. f3 Nc5 11. Bxf6 gxf6 12. O-O e6 13. Ndxb5 Qb6 14. Kh1
Nxd3 15. Qxd3 axb5 16. Nxb5 Rg8 17. b3 Ra6 18. a4 Qc5 19. Rad1 Rc6 20. c4 Be7
21. Rd2 Rb6 22. Rfd1 Ba6 23. Qe2 h5 24. Rd3 h4 25. h3 Bxb5 26. axb5 Qg5 27. Qa2
Rb8 28. Qa7 Qxg2# {kajjohan checkmated} 0-1

[Event "ICS rated standard match"]
[Site "204.178.125.65"]
[Date "2000.08.20"]
[Round "?"]
[White "JOL"]
[Black "Hossa"]
[Result "0-1"]
[WhiteElo "2041"]
[BlackElo "2338"]
[PlyCount "32"]
[EventDate "2000.??.??"]

1. c4 e5 2. Nc3 Nc6 3. Nf3 d6 4. d4 Nxd4 5. Nxd4 exd4 6. Qxd4 Ne7 7. e4 Nc6 8.
Qd2 Be7 9. Bd3 O-O 10. O-O f5 11. exf5 Bxf5 12. Bxf5 Rxf5 13. Qd3 Qd7 14. Be3
Raf8 15. Nd5 Bd8 16. f4 Qf7 {JOL resigns} 0-1

[Event "ICS rated standard match"]
[Site "204.178.125.65"]
[Date "2000.08.21"]
[Round "?"]
[White "Hossa"]
[Black "Yariv"]
[Result "1-0"]
[WhiteElo "2341"]
[BlackElo "2086"]
[PlyCount "53"]
[EventDate "2000.??.??"]

1. e4 c6 2. d4 d5 3. Nc3 dxe4 4. Nxe4 Bf5 5. Ng3 Bg6 6. h4 h6 7. Nf3 Nf6 8. Ne5
Bh7 9. Bc4 e6 10. Bf4 Nd5 11. Bc1 Nd7 12. Nxd7 Qxd7 13. O-O Be7 14. h5 O-O-O
15. c3 Bd6 16. Re1 Bxg3 17. fxg3 Rhe8 18. Rf1 e5 19. dxe5 Rxe5 20. Qd4 f6 21.
Qxa7 Qc7 22. Bxd5 Rdxd5 23. Bf4 Qe7 24. Bxe5 Qxe5 25. Rae1 Be4 26. Qe3 f5 27.
g4 {Yariv resigns} 1-0

[Event "ICS rated standard match"]
[Site "204.178.125.65"]
[Date "2000.08.21"]
[Round "?"]
[White "superbeast"]
[Black "Hossa"]
[Result "0-1"]
[WhiteElo "1978"]
[BlackElo "2343"]
[PlyCount "30"]
[EventDate "2000.??.??"]

1. e4 c5 2. Nf3 d6 3. d4 cxd4 4. Nxd4 Nf6 5. Nc3 a6 6. Bg5 Nbd7 7. Bc4 b5 8.
Bd5 Nxd5 9. exd5 Bb7 10. O-O b4 11. Ne4 Ne5 12. f4 Nc4 13. f5 Bxd5 14. Ng3 Nxb2
15. Nh5 Nxd1 {superbeast resigns} 0-1

[Event "ICS rated standard match"]
[Site "204.178.125.65"]
[Date "2000.08.21"]
[Round "?"]
[White "Hossa"]
[Black "superbeast"]
[Result "1-0"]
[WhiteElo "2346"]
[BlackElo "1972"]
[PlyCount "54"]
[EventDate "2000.??.??"]

1. d4 Nf6 2. Nf3 g6 3. Nc3 d5 4. Bf4 Bg7 5. e3 O-O 6. Be2 c5 7. dxc5 Qa5 8. Nd2
Qxc5 9. Nb3 Qb4 10. a3 Qb6 11. O-O Nc6 12. Nxd5 Nxd5 13. Qxd5 Bxb2 14. Ra2 Be6
15. Qe4 Bg7 16. Rb1 Bf5 17. Qa4 e5 18. Bg5 h6 19. Bh4 Bd7 20. c3 Nd4 21. Qxd7
Nxe2+ 22. Rxe2 g5 23. Bg3 a5 24. Nd2 Qa6 25. c4 Rfd8 26. Qxb7 Rab8 27. Qxb8
Rxb8 {superbeast resigns} 1-0

[Event "ICS rated standard match"]
[Site "204.178.125.65"]
[Date "2000.08.21"]
[Round "?"]
[White "Tinker"]
[Black "Hossa"]
[Result "1/2-1/2"]
[WhiteElo "2391"]
[BlackElo "2349"]
[PlyCount "208"]
[EventDate "2000.??.??"]

1. e4 c5 2. Nf3 d6 3. Bc4 Nf6 4. d3 e6 5. Nc3 a6 6. O-O Nc6 7. Bg5 Na5 8. Qe2
Nxc4 9. dxc4 h6 10. Bd2 Be7 11. e5 dxe5 12. Nxe5 O-O 13. Rfd1 Qb6 14. Na4 Qc7
15. Bf4 Bd6 16. Rd3 Ne8 17. Rad1 b6 18. Bg3 Bb7 19. Nc3 Rb8 20. Rxd6 Nxd6 21.
Nf3 Rbd8 22. Qd3 Bxf3 23. gxf3 Rd7 24. Ne4 Nxe4 25. Bxc7 Rxd3 26. Rxd3 Nf6 27.
Bxb6 Rb8 28. Rd6 Rb7 29. Bxc5 Rxb2 30. Rxa6 Rxc2 31. Ra8+ Kh7 32. Ra4 g5 33.
Bd6 Rc1+ 34. Kg2 Kg6 35. Rb4 Rd1 36. c5 Rc1 37. Rb5 Nd5 38. a3 Nc3 39. Rb4 Nd5
40. Rb7 Nf4+ 41. Bxf4 gxf4 42. Rc7 Rc3 43. a4 Rc4 44. a5 Ra4 45. Ra7 Rc4 46. a6
Rxc5 47. Rb7 Ra5 48. a7 h5 49. Rc7 Ra6 50. Kf1 Ra2 51. Ke1 h4 52. Kd1 h3 53.
Rd7 e5 54. Kc1 Kf6 55. Kb1 Ra5 56. Rc7 Kg6 57. Kb2 Kf6 58. Kb3 Ra1 59. Kb2 Ra5
60. Rb7 Ke6 61. Kb3 Kd6 62. Rxf7 Kc6 63. Re7 Ra1 64. Kb2 Ra4 65. Kb3 Ra1 66.
Rxe5 Rxa7 67. Rh5 Rd7 68. Kc3 Rd1 69. Rxh3 Kd5 70. Rh5+ Kd6 71. h4 Ra1 72. Kd3
Ke6 73. Rh6+ Kd5 74. Rh5+ Ke6 75. Rc5 Ra3+ 76. Rc3 Ra5 77. Rc4 Ke5 78. h5 Ra3+
79. Rc3 Ra6 80. Rc5+ Kf6 81. Kd4 Rb6 82. Rd5 Rb4+ 83. Kd3 Ke6 84. Rd4 Rb1 85.
Rxf4 Rh1 86. Ra4 Rxh5 87. f4 Rh1 88. Ra5 Rd1+ 89. Ke3 Rf1 90. f5+ Kf6 91. f4
Re1+ 92. Kd4 Rd1+ 93. Ke4 Re1+ 94. Kd5 Kxf5 95. Kc6+ Kxf4 96. Rc5 Kg4 97. Kb5
Kh4 98. Ka4 Kg4 99. Ka3 Kh4 100. Ka2 Kg4 101. Kb2 Kh4 102. Ka2 Kg4 103. Kb2 Kh4
104. Ka2 Kg4 1/2-1/2

[Event "ICS rated standard match"]
[Site "204.178.125.65"]
[Date "2000.08.21"]
[Round "?"]
[White "Hossa"]
[Black "Tinker"]
[Result "0-1"]
[WhiteElo "2351"]
[BlackElo "2389"]
[PlyCount "78"]
[EventDate "2000.??.??"]

1. e4 e5 2. Nf3 Qe7 3. Bc4 Nf6 4. d3 c6 5. Nc3 b5 6. Bb3 b4 7. Ne2 Na6 8. d4 d6
9. Ng5 d5 10. Ba4 Bb7 11. dxe5 Qxe5 12. f4 Qc7 13. exd5 O-O-O 14. Nd4 Rxd5 15.
Bb3 Rd7 16. Qd3 Bc5 17. c3 bxc3 18. bxc3 Re8+ 19. Kf2 Bb6 20. Qf5 c5 21. Bxf7
cxd4 22. Bxe8 dxc3+ 23. Kg3 Nxe8 24. Re1 Nf6 25. Be3 Qc6 26. Qh3 Nc5 27. Kh4
Nd3 28. Rec1 h6 29. Ne6 g5+ 30. fxg5 hxg5+ 31. Nxg5 Qc4+ 32. Bd4 Qxd4+ 33. g4
Ne4 34. Rxc3+ Kd8 35. Rc8+ Bxc8 36. Ne6+ Ke8 37. Kh5 Nf4+ 38. Nxf4 Qh8+ 39. Kg6
Rg7# 0-1

[Event "ICS rated blitz match"]
[Site "204.178.125.65"]
[Date "2000.08.21"]
[Round "?"]
[White "PostModernist"]
[Black "Hossa"]
[Result "1-0"]
[WhiteElo "2663"]
[BlackElo "2402"]
[PlyCount "92"]
[EventDate "2000.??.??"]

1. d4 d6 2. c4 e5 3. Nc3 exd4 4. Qxd4 Nc6 5. Qd2 Nf6 6. b3 Be7 7. Nf3 O-O 8. e3
Bf5 9. Bd3 Bxd3 10. Qxd3 Ng4 11. O-O Bf6 12. Bd2 Qd7 13. Rad1 Rfe8 14. Nd5 Bb2
15. Qc2 Ba3 16. Bc3 Qd8 17. Qf5 Nce5 18. Bxe5 Nxe5 19. Ng5 g6 20. Nf6+ Kh8 21.
Qf4 Kg7 22. Nxe8+ Qxe8 23. Qh4 h6 24. Ne4 Qd8 25. Qf4 f5 26. Ng3 Qe7 27. h4 Ng4
28. h5 Qg5 29. Qd4+ Kh7 30. Qd5 Rf8 31. Qxb7 gxh5 32. Qxa7 Bc5 33. Qxc7+ Kg8
34. Rxd6 Bxd6 35. Qxd6 Rf7 36. e4 f4 37. Nf5 f3 38. Rd1 Kh7 39. Qe6 Rf8 40. g3
Ra8 41. Qf7+ Kh8 42. c5 Ne5 43. Qd5 Re8 44. c6 h4 45. c7 Nc4 46. Qd8 Rxd8 1-0

[Event "ICS Rated standard match"]
[Site "204.178.125.65"]
[Date "2000.08.21"]
[Round "?"]
[White "superbeast"]
[Black "Hossa"]
[Result "0-1"]
[WhiteElo "1940"]
[BlackElo "2337"]
[PlyCount "46"]
[EventDate "2000.??.??"]

1. e4 a6 2. d4 c5 3. c3 e6 4. Nf3 cxd4 5. Nxd4 e5 6. Nb3 Nc6 7. Be2 Nf6 8. Bg5
h6 9. Bxf6 Qxf6 10. O-O Be7 11. N1d2 b5 12. a4 b4 13. cxb4 Bxb4 14. Nc4 Rb8 15.
a5 O-O 16. Qd3 d6 17. Rfc1 Ne7 18. Nb6 Be6 19. Nd5 Nxd5 20. exd5 Bc8 21. Nd2
Re8 22. Bf3 Bxd2 23. Qxd2 e4 0-1

[Event "ICS rated standard match"]
[Site "204.178.125.65"]
[Date "2000.08.21"]
[Round "?"]
[White "Hossa"]
[Black "MM3Quick"]
[Result "1-0"]
[WhiteElo "2340"]
[BlackElo "2224"]
[PlyCount "47"]
[EventDate "2000.??.??"]

1. c4 e6 2. Nc3 Be7 3. e4 c5 4. d4 cxd4 5. Qxd4 Nf6 6. e5 Nc6 7. Qf4 Ng8 8. Qg3
Kf8 9. Nf3 d6 10. Be3 dxe5 11. Nxe5 Nxe5 12. Qxe5 Qd6 13. Qxd6 Bxd6 14. O-O-O
Ke7 15. Ne4 Bc7 16. Bc5+ Ke8 17. Nd6+ Bxd6 18. Bxd6 Bd7 19. Be2 Bc6 20. Rhg1 f6
21. Bh5+ g6 22. Bg4 Kf7 23. Bh3 Ne7 24. Bxe6+ 1-0

[Event "ICS rated standard match"]
[Site "204.178.125.65"]
[Date "2000.08.21"]
[Round "?"]
[White "jyq"]
[Black "Hossa"]
[Result "0-1"]
[WhiteElo "2220"]
[BlackElo "2351"]
[PlyCount "58"]
[EventDate "2000.??.??"]

1. d4 d6 2. c4 e5 3. dxe5 dxe5 4. Qxd8+ Kxd8 5. Nc3 Be6 6. e4 Nc6 7. Nf3 Nd4 8.
Bd3 Nxf3+ 9. gxf3 Ke8 10. Nd5 Rc8 11. Be3 c6 12. Nc3 Rd8 13. Ke2 Nf6 14. Bxa7
Nd7 15. Be3 Nc5 16. Bxc5 Bxc5 17. Rhd1 Ke7 18. Rac1 Bd4 19. Na4 Rd7 20. b3 Ra8
21. Rc2 Rad8 22. Rcd2 Ra8 23. Rc2 Rad8 24. Rcd2 Ra8 25. Bb1 Bxc4+ 26. bxc4 Rxa4
27. Rd3 Rxc4 28. Rb3 Ra4 29. Rg1 g6 {jyq resigns} 0-1

[Event "ICS rated standard match"]
[Site "204.178.125.65"]
[Date "2000.08.21"]
[Round "?"]
[White "Hossa"]
[Black "jyq"]
[Result "1-0"]
[WhiteElo "2361"]
[BlackElo "2210"]
[PlyCount "157"]
[EventDate "2000.??.??"]

1. c4 Nf6 2. Nf3 g6 3. d4 Bg7 4. Nc3 d6 5. e4 O-O 6. Be2 e5 7. dxe5 dxe5 8.
Qxd8 Rxd8 9. Bg5 Re8 10. O-O Bg4 11. h3 Bxf3 12. Bxf3 c6 13. Rad1 Na6 14. Rd6
Re6 15. Rxe6 fxe6 16. Rd1 Kf8 17. g4 Ke7 18. Be3 Nd7 19. a3 Nac5 20. b4 Nb3 21.
Bg5+ Ke8 22. Kg2 Nd4 23. Be2 a5 24. Bd2 axb4 25. axb4 Ra3 26. Bf1 Rb3 27. b5
Nc5 28. bxc6 bxc6 29. Ra1 Rb7 30. Ra5 Ncb3 31. Ra8+ Kf7 32. Bg5 Bf6 33. Be3 Be7
34. Rh8 Kg7 35. Rc8 Ra7 36. g5 Ra1 37. Rb8 Nc5 38. Re8 Kf7 39. Rc8 Ra3 40. Nb1
Ra6 41. Nd2 Nc2 42. Bxc5 Bxc5 43. Nf3 Ra2 44. Rxc6 Bd4 45. Rc7+ Kg8 46. Bd3
Ne3+ 47. Kg3 Nd1 48. Rc8+ Kg7 49. Nxd4 exd4 50. Rc7+ Kh8 51. Rf7 Rd2 52. Bf1
Rc2 53. Rf6 e5 54. h4 Rc3+ 55. Kg2 d3 56. Rb6 d2 57. Be2 Rc1 58. Rb8+ Kg7 59.
Bxd1 Rxd1 60. Rd8 Rc1 61. Rxd2 Rxc4 62. Rd7+ Kf8 63. f3 Rc2+ 64. Kg3 Kg8 65.
Rd5 h6 66. Rd8+ Kg7 67. Rd7+ Kg8 68. gxh6 Rc5 69. Kg4 Kh8 70. Kg5 Rc6 71. Re7
Rb6 72. Rxe5 Rb1 73. Re8+ Kh7 74. Re7+ Kh8 75. Kxg6 Rg1+ 76. Kf5 Rh1 77. h5
Rxh5+ 78. Kg6 Rxh6+ 79. Kxh6 {jyq resigns} 1-0

[Event "ICS rated standard match"]
[Site "204.178.125.65"]
[Date "2000.08.21"]
[Round "?"]
[White "BrazilianMaster"]
[Black "Hossa"]
[Result "1-0"]
[WhiteElo "2641"]
[BlackElo "2370"]
[PlyCount "75"]
[EventDate "2000.??.??"]

1. Nf3 Nf6 2. d4 d5 3. c4 e6 4. e3 Bb4+ 5. Nbd2 O-O 6. a3 Be7 7. Bd3 c5 8. dxc5
Bxc5 9. b4 Bb6 10. Bb2 dxc4 11. Nxc4 Bc7 12. Qc2 Nbd7 13. O-O Qe7 14. e4 e5 15.
Rac1 Bb8 16. Rfd1 Re8 17. Ne3 Nb6 18. Bb5 Bd7 19. Bxd7 Nfxd7 20. Nf5 Qf8 21.
Qd2 Nf6 22. Qe3 Na4 23. Ba1 a5 24. bxa5 Rxa5 25. Rc4 Ra6 26. Nd2 Rd8 27. Rc2 b5
28. Rb1 Rb6 29. Qg5 Kh8 30. Rb4 Rb7 31. h3 Rbd7 32. Rxb5 Nxe4 33. Nxe4 f6 34.
Qh4 Rd1+ 35. Kh2 Rxa1 36. Rb7 Rdd1 37. Rxg7 Rh1+ 38. Kg3 {Hossa resigns} 1-0

[Event "ICS rated standard match"]
[Site "204.178.125.65"]
[Date "2000.08.21"]
[Round "?"]
[White "Hossa"]
[Black "QueenMaxima"]
[Result "0-1"]
[WhiteElo "2364"]
[BlackElo "2328"]
[PlyCount "108"]
[EventDate "2000.??.??"]

1. c4 Nf6 2. Nf3 e6 3. Nc3 Bb4 4. Qc2 O-O 5. e4 d6 6. a3 Ba5 7. b4 Bb6 8. Na4
Bd7 9. Nxb6 axb6 10. b5 e5 11. Be2 Bg4 12. d3 Nbd7 13. h3 Bh5 14. g4 Bg6 15. h4
h5 16. g5 Nh7 17. Be3 Nc5 18. Nd2 Qd7 19. Ra2 Ra5 20. Qc3 Rfa8 21. Rh2 Qe6 22.
Ra1 Kh8 23. Nf1 f5 24. gxf6 Qxf6 25. Ng3 Qf7 26. Qb2 Nf8 27. Rg2 Nfe6 28. Nf1
Kh7 29. Rg1 Qf6 30. Ng3 Nf4 31. Bxf4 Qxf4 32. d4 Nxe4 33. Bxh5 Bxh5 34. Nxh5
Qf3 35. Rxg7+ Kh6 36. Rg3 Qh1+ 37. Ke2 Qxh4 38. Rg2 Qxh5+ 39. f3 Ng5 40. dxe5
Qxf3+ 41. Ke1 Rxa3 42. Rh2+ Kg6 43. Rxa3 Rxa3 44. exd6 Re3+ 45. Qe2 Ne4 46.
Rg2+ Kf6 47. Qxe3 Qxe3+ 48. Kf1 Kf5 49. Ra2 Ng3+ 50. Kg2 Kg4 51. Rf2 Qe4+ 52.
Rf3 Qxf3+ 53. Kg1 Qf1+ 54. Kh2 Qh1# 0-1

[Event "ICS Rated standard match"]
[Site "204.178.125.65"]
[Date "2000.08.21"]
[Round "?"]
[White "josechess"]
[Black "Hossa"]
[Result "0-1"]
[WhiteElo "2346"]
[BlackElo "2346"]
[PlyCount "154"]
[EventDate "2000.??.??"]

1. Nf3 d5 2. b3 Nf6 3. Bb2 e6 4. e3 c5 5. c4 Nc6 6. cxd5 exd5 7. Bb5 a6 8.
Bxc6+ bxc6 9. Ne5 Bd6 10. O-O O-O 11. d4 cxd4 12. Nxc6 Qc7 13. Nxd4 Bxh2+ 14.
Kh1 Be5 15. Nd2 Bg4 16. N2f3 Ne4 17. Rc1 Qb6 18. Rc6 Qb7 19. Qc2 Bxf3 20. gxf3
Qd7 21. Kg2 Ng5 22. Rh1 Rfe8 23. Ba1 g6 24. b4 f6 25. a4 Rf8 26. Rh4 Rac8 27.
b5 axb5 28. axb5 Nf7 29. Nb3 Nd6 30. Bd4 Nxb5 31. Rxc8 Rxc8 32. Qd3 Nxd4 33.
Nxd4 f5 34. f4 Bg7 35. Rh1 Qe8 36. Nf3 Rd8 37. Rd1 Qe6 38. Ng5 Qb6 39. Nf3 Qb8
40. Nd4 Qc8 41. Qc2 Qc4 42. Qd3 Bf6 43. Ne6 Re8 44. Qxc4 dxc4 45. Nc7 Rc8 46.
Nd5 Kf7 47. Rc1 c3 48. Rc2 h5 49. Kf3 Bg7 50. Nb4 Rc4 51. Nd3 Bf6 52. Kg2 Rc8
53. Kf3 Ke6 54. Ke2 h4 55. Kf3 h3 56. Kg3 Rh8 57. f3 Kd5 58. Nc1 h2 59. Rxh2
Rxh2 60. Kxh2 c2 61. Kg2 Bb2 62. Nd3 Kc4 63. Nxb2+ Kc3 64. Na4+ Kd3 65. Nc5+
Kc4 66. Nd7 c1=Q 67. Ne5+ Kb3 68. Nxg6 Qxe3 69. Nh4 Qxf4 70. Kh3 Kc3 71. Ng6
Qxf3+ 72. Kh2 Qh5+ 73. Kg2 Qxg6+ 74. Kf3 Kd4 75. Kf2 Ke4 76. Ke2 Qg2+ 77. Kd1
Kd3 {josechess resigns} 0-1

[Event "ICS Rated blitz match"]
[Site "204.178.125.65"]
[Date "2000.08.21"]
[Round "?"]
[White "Hossa"]
[Black "PostModernist"]
[Result "0-1"]
[WhiteElo "2418"]
[BlackElo "2636"]
[PlyCount "142"]
[EventDate "2000.??.??"]

1. d3 e5 2. c3 d5 3. Qc2 Nc6 4. Nf3 Bg4 5. Qb3 Rb8 6. h3 Bxf3 7. gxf3 Bc5 8. f4
f6 9. e4 dxe4 10. dxe4 Qd6 11. Bc4 Kf8 12. Qc2 exf4 13. Qe2 Rd8 14. O-O f3 15.
Qxf3 Ne5 16. Qh5 g6 17. Qe2 Nxc4 18. Qxc4 Qg3+ 19. Kh1 Bxf2 20. Rxf2 Qxf2 21.
Nd2 Qe3 22. Qxc7 Qxh3+ 23. Kg1 Qe3+ 24. Kf1 Rxd2 25. Bxd2 Qxd2 26. Qxb7 Qd3+
27. Kf2 Ne7 28. Qb8+ Kg7 29. Qxa7 Qxe4 30. Re1 Qf4+ 31. Kg2 Qg4+ 32. Kf2 Qh4+
33. Kf1 Qh3+ 34. Kf2 Kh6 35. Qxe7 Rb8 36. b3 Ra8 37. a4 Qh2+ 38. Ke3 f5 39. Re2
Qg3+ 40. Kd4 Rb8 41. b4 Rc8 42. Qe3+ Qxe3+ 43. Rxe3 Rd8+ 44. Kc5 Kg5 45. c4 f4
46. Rh3 h5 47. Kc6 Kg4 48. Rh1 f3 49. a5 f2 50. a6 Rf8 51. a7 Kg3 52. Kb7 Kg2
53. Ra1 h4 54. c5 h3 55. c6 f1=Q 56. Rxf1 Kxf1 57. a8=Q Rxa8 58. Kxa8 h2 59.
Ka7 h1=Q 60. Kb6 Qd5 61. b5 g5 62. Ka6 Qc5 63. Ka5 g4 64. Ka6 g3 65. Ka5 Qa3+
66. Kb6 g2 67. Kb7 g1=Q 68. c7 Qga7+ 69. Kc6 Q3c5+ 70. Kd7 Qaxc7+ 71. Ke6 Q7e7#
{Hossa checkmated} 0-1